|
|
|
|
| LEADER |
00000nam2a2200000 4500 |
| 001 |
62250 |
| 005 |
20231031063321.0 |
| 010 |
|
|
|a 5734400602
|
| 035 |
|
|
|a (RuTPU)RU\TPU\book\65984
|
| 035 |
|
|
|a RU\TPU\book\19053
|
| 090 |
|
|
|a 62250
|
| 100 |
|
|
|a 20040406d1993 km y0rusy50 ca
|
| 101 |
0 |
|
|a rus
|
| 102 |
|
|
|a RU
|a li
|
| 105 |
|
|
|a y e 000zy
|
| 200 |
0 |
|
|a Т. 1
|
| 210 |
|
|
|d 1993
|
| 215 |
|
|
|a 224 с.
|
| 461 |
|
1 |
|0 (RuTPU)RU\TPU\book\19053
|t Эзотерический словарь
|d 1993-
|
| 461 |
|
|
|t Сокровенные аспекты бытия в терминах, символах, понятиях
|v Т. 1
|
| 610 |
1 |
|
|a теософия
|
| 610 |
1 |
|
|a эзотерическое христианство
|
| 610 |
1 |
|
|a справочники
|
| 610 |
1 |
|
|a терминологические словари
|
| 686 |
|
|
|a Э44я2
|v LBC/SL-A
|2 rubbk
|
| 801 |
|
0 |
|a RU
|b 63413507
|c 20011209
|g PSBO
|
| 801 |
|
1 |
|a RU
|b 63413507
|c 20040406
|g PSBO
|
| 801 |
|
2 |
|a RU
|b 63413507
|c 20151118
|g PSBO
|
| 942 |
|
|
|c BK
|